Titres originaux des films : Alfred Hitchcock - Statistiques

Statistiques générales
  • Ce quiz a été pris 30 fois
  • Le résultat moyen est 9 sur 15
Statistiques - réponses
Titre original Titre français % Correct
The Birds Les Oiseaux
97%
Psycho Psychose
97%
Rear Window Fenêtre sur cour
87%
The Man Who Knew Too Much L'Homme qui en savait trop
83%
Vertigo Sueurs froides
77%
Marnie Pas de printemps pour Marnie
63%
North by Northwest La Mort aux trousses
53%
Dial M For Murder Le crime était presque parfait
53%
To Catch A Thief La Main au collet
50%
Strangers on a Train L'Inconnu du Nord-Express
50%
Notorious Les Enchaînés
47%
Blackmail Chantage
40%
The Trouble with Harry Mais qui a tué Harry ?
40%
The Lady Vanishes Une femme disparaît
33%
Spellbound La Maison du Dr Edwardes
23%
Aucun quiz correspondant
Distribution des résultats
% des personnes avec chaque résultat
Percentile par nombre de réponses
Votre historique - résultats
Vous n’avez pas pris ce quiz